León Felipe : antología y homenaje /

Antología publicada en homenaje del poeta español, exiliado en México, León Felipe, quien es sujeto de elogio en breves ensayos de Jesús Silva Herzog, Max Aub, Francisco Giner de los Ríos, Luis Rius y Mauricio de la Selva y en un poema de Vicente Aleixandre. "Este es el volumen 150 de la Colección E...

Fuld beskrivelse

Guardado en:
Bibliografiske detaljer
Hovedforfatter: León Felipe (autor)
Andre forfattere: Silva Herzog, Jesús (texto) (texto), Aleixandre, Vicente (poesía) (poesía), Aub, Max (autor) (autor), Giner de los Ríos, Francisco (texto) (texto), Rius Azcoitia, Luis (texto) (texto), Selva, Mauricio de la (texto) (texto), Finisterre, Alejandro (dirección) (dirección)
Format: Bog
Sprog:spansk
Udgivet: México : Alejandro Finisterre, 1967
Serier:(Ecuador 0° 0' 0", Revista de Poesía Universal ; 150)
Fag:
Tags: Tilføj Tag
Ingen Tags, Vær først til at tagge denne postø!

MARC

LEADER 00000nam^a2200000^a^4500
001 000156912
005 20250908000000.0
009 20260310100521.653
037 |a Acervo ITESO - Biblioteca 
041 |a ESP 
082 |a 861.  |b LEO 
100 |a León Felipe  |e (autor) 
240 1 1 |a [Ecuador 0° 0' 0", Revista de Poesía Universal] 
245 1 0 |a León Felipe :  |b antología y homenaje /  |c L. Felipe ; texto de J. Silva Herzog... [et al.]. 
264 1 |a México :  |b Alejandro Finisterre,  |c 1967 
300 |a 182 p., [1 lámina] 
336 |a texto  |b txt  |2 rdacontenido 
337 |a sin mediación  |b n  |2 rdamedio 
338 |a volumen  |b nc  |2 rdasoporte 
440 1 |a (Ecuador 0° 0' 0", Revista de Poesía Universal ;  |v 150) 
520 |a Antología publicada en homenaje del poeta español, exiliado en México, León Felipe, quien es sujeto de elogio en breves ensayos de Jesús Silva Herzog, Max Aub, Francisco Giner de los Ríos, Luis Rius y Mauricio de la Selva y en un poema de Vicente Aleixandre. "Este es el volumen 150 de la Colección Ecuador 0° 0' 00", Revista de Poesía Universal, que dirige Alejandro Finisterre, y que publica 5 obras mensuales (los días, 1, 6, 12, 18 y 24). Para el orden de esta Colección, León Felipe. Antología y homenaje, sale con fecha 24 de junio de 1967, o sea con 9 meses de anticipación" y se terminó de imprimir el mes de octubre de 1966. 
545 0 |a León Felipe (Tábara, provincia de Zamora, 1884 – México, 1968), poeta español. Publicó sus primeras creaciones en la revista España y radicó en varios países (Guinea, México, Estados Unidos y Panamá) antes de exiliarse definitivamente, a raíz del ascenso franquista, en México, donde residió hasta su muerte. El zamorano es un poeta de impresionante desnudez expresiva e intención social, cuya obra muestra la influencia de Walt Whitman –a quien tradujo al español- e incluye títulos como Drop a star (1930), Good Bye Panamá (1936), La insignia (1937), España del éxodo y del llanto (1939), Llamadme publicano (1950), El ciervo (1958) y ¡Oh, este viejo y roto violín! (1965). 
586 |a Premio Nobel de Literatura 1977: Antologías 
586 |a Premio Nacional de Ciencias y Artes, categoría Historia, Ciencias Sociales y Filosofía (13°: 1962), ex aequo: Antologías 
649 |a XX 
650 |a Escritores Españoles -  |x Homenajes 
650 |a Poesía Española 
650 |a Poesía Española -  |x Historia y Crítica 
650 |a Ensayos Mexicanos 
650 |a Literatura Española -  |y Generación del 27 
650 |a Literatura Española -  |y Siglo XX 
650 |a Literatura Española -  |x Historia y Crítica 
650 |a Literatura Mexicana -  |y Siglo XX 
650 |a Literatura -  |x Publicaciones Periódicas Mexicanas -  |x Tema Principal 
650 |a Literatura -  |x Publicaciones Periódicas 
650 |a Publicaciones Periódicas Mexicanas 
650 |a Publicaciones Periódicas 
600 |a León Felipe -  |x Tema Principal 
700 |a Silva Herzog, Jesús  |e (texto) 
700 |a Aleixandre, Vicente  |e (poesía) 
700 |a Aub, Max  |e (autor) 
700 |a Giner de los Ríos, Francisco  |e (texto) 
700 |a Rius Azcoitia, Luis  |e (texto) 
700 |a Selva, Mauricio de la  |e (texto) 
700 |a Finisterre, Alejandro  |e (dirección) 
740 0 |a León Felipe y Cuadernos Americanos /  |c Texto por J. Silva Herzog. 
740 0 |a A León Felipe /  |c Poesía por V. Aleixandre. 
740 0 |a Homenaje a León Felipe /  |c Texto por M. Aub. 
740 0 |a Palabras para León Felipe /  |c Texto por F. Giner de los Ríos. 
740 3 |a La nueva poesía de León Felipe /  |c Texto por L. Rius Azcoitia. 
740 0 |a "¡Oh, este viejo y roto violín!" /  |c Texto por M. de la Selva. 
740 0 |a Ecuador 0º 0' 0", Revista de Poesía Universal :  |b León Felipe : antología y homenaje /  |c L. Felipe ; texto de J. Silva Herzog... [et al.] ; dir. de A. Finisterre. 
910 |a Fondo Salvador Reynoso Reynoso 
920 |a Impresos - Libros 
930 |a Fondos Especiales 
940 |a Literatura 
905 |a 112 
901 |a 0800007482  |b IT2  |c ESP  |u 20250521 
902 |a https://opac.biblio.iteso.mx/vufind/Record/000156912